000 00433nam a22001817a 4500
003 MPLRDC
005 20220104114103.0
008 210129b ||||| |||| 00| 0 eng d
082 _a802.35 MX v.3
100 _a梅新主编
245 _a成语出迷宫. 第三辑
_c
250 _a二版
260 _a
_b中央日报出版部
_c1980
300 _b
490 _a长河丛刊
650 _a成语
942 _cBK
_o802.35 MX v.3
999 _c4712
_d4702